| 000 | 00626nam a2200205Ia 4500 | ||
|---|---|---|---|
| 003 | GCL | ||
| 008 | 140319s9999 xx 000 0 ara d | ||
| 040 |
_aGCL / _cGCL |
||
| 082 | 0 | 4 |
_a819.82 _bا ب |
| 100 | 1 | _aمحمد مندور | |
| 245 | 1 | 0 |
_aبيرجينت / _cمحمد مندور |
| 700 | 1 | _aابسن، هنريك | |
| 700 | 1 | _aعلى الراعى (مترجم) | |
| 300 | _a312 ص | ||
| 490 |
_aروائع المسرح العالمى _v0 |
||
| 650 | 0 | 4 | _aالادب النرويجى |
| 650 | 0 | 4 | _aالمسرح النرويجى |
| 650 | 0 | 4 | _aالمسرحيات النرويجية المترجمة |
| 942 |
_2ddc _cBK |
||
| 999 |
_c38390 _d38390 |
||